<?xml version="1.0" encoding="UTF-8"?>
<record
    xmlns:xsi="http://www.w3.org/2001/XMLSchema-instance"
    xsi:schemaLocation="http://www.loc.gov/MARC21/slim http://www.loc.gov/standards/marcxml/schema/MARC21slim.xsd"
    xmlns="http://www.loc.gov/MARC21/slim">

  <leader>01105nam a22002417a 4500</leader>
  <datafield tag="952" ind1=" " ind2=" ">
    <subfield code="0">0</subfield>
    <subfield code="1">0</subfield>
    <subfield code="4">0</subfield>
    <subfield code="7">0</subfield>
    <subfield code="a">19</subfield>
    <subfield code="b">19</subfield>
    <subfield code="d">2016-05-31</subfield>
    <subfield code="l">0</subfield>
    <subfield code="o">HV8497 Z97</subfield>
    <subfield code="p">19 002586</subfield>
    <subfield code="r">2016-05-31</subfield>
    <subfield code="t">1</subfield>
    <subfield code="w">2016-05-31</subfield>
    <subfield code="y">LB</subfield>
  </datafield>
  <datafield tag="952" ind1=" " ind2=" ">
    <subfield code="0">0</subfield>
    <subfield code="1">0</subfield>
    <subfield code="4">0</subfield>
    <subfield code="7">0</subfield>
    <subfield code="a">18</subfield>
    <subfield code="b">18</subfield>
    <subfield code="d">2016-12-10</subfield>
    <subfield code="l">0</subfield>
    <subfield code="o">HV8497 Z97</subfield>
    <subfield code="p">18 004136</subfield>
    <subfield code="r">2016-12-10</subfield>
    <subfield code="t">1</subfield>
    <subfield code="w">2016-12-10</subfield>
    <subfield code="y">LB</subfield>
  </datafield>
  <datafield tag="952" ind1=" " ind2=" ">
    <subfield code="0">0</subfield>
    <subfield code="1">0</subfield>
    <subfield code="4">0</subfield>
    <subfield code="7">0</subfield>
    <subfield code="a">01</subfield>
    <subfield code="b">01</subfield>
    <subfield code="d">2018-03-15</subfield>
    <subfield code="l">1</subfield>
    <subfield code="o">345.0773 Z995s</subfield>
    <subfield code="p">01 014288</subfield>
    <subfield code="r">2018-08-06</subfield>
    <subfield code="s">2018-08-06</subfield>
    <subfield code="t">1</subfield>
    <subfield code="w">2018-03-15</subfield>
    <subfield code="y">LB</subfield>
  </datafield>
  <datafield tag="999" ind1=" " ind2=" ">
    <subfield code="c">99913</subfield>
    <subfield code="d">99913</subfield>
  </datafield>
  <controlfield tag="005">20231102151935.0</controlfield>
  <controlfield tag="008">160531s2013    ag ||||| |||| 00| 0 spa d</controlfield>
  <datafield tag="020" ind1=" " ind2=" ">
    <subfield code="a">9789872837907</subfield>
  </datafield>
  <datafield tag="050" ind1=" " ind2=" ">
    <subfield code="a">HV8497</subfield>
    <subfield code="b">Z97</subfield>
  </datafield>
  <datafield tag="082" ind1=" " ind2=" ">
    <subfield code="a">345.0773</subfield>
    <subfield code="b">Z995s</subfield>
  </datafield>
  <datafield tag="100" ind1="1" ind2=" ">
    <subfield code="a">Zysman Quir&#xF3;s Diego</subfield>
    <subfield code="e">autor</subfield>
  </datafield>
  <datafield tag="245" ind1="1" ind2="0">
    <subfield code="a">Sociolog&#xED;a del castigo</subfield>
    <subfield code="b"> : genealog&#xED;a de la determinaci&#xF3;n de la pena</subfield>
    <subfield code="c"> / Diego Zysman Quir&#xF3;s</subfield>
  </datafield>
  <datafield tag="260" ind1="3" ind2=" ">
    <subfield code="a">Argentina</subfield>
    <subfield code="b"> : Didot</subfield>
    <subfield code="c">, 2013</subfield>
  </datafield>
  <datafield tag="300" ind1=" " ind2=" ">
    <subfield code="a">412 p&#xE1;ginas</subfield>
  </datafield>
  <datafield tag="504" ind1=" " ind2=" ">
    <subfield code="a">Bibliograf&#xED;a (pp. 383-412)</subfield>
  </datafield>
  <datafield tag="505" ind1=" " ind2=" ">
    <subfield code="a">Historia de la determinaci&#xF3;n de la pena en Europa antigua
Historia de la  determinaci&#xF3;n de la pena en Europa moderna
Historia de la determinaci&#xF3;n de la pena en los EE. UU.
El presente de la determinaci&#xF3;n de la pena</subfield>
  </datafield>
  <datafield tag="519" ind1=" " ind2=" ">
    <subfield code="a">Educaci&#xF3;n Mixta / </subfield>
    <subfield code="b">Derecho / </subfield>
    <subfield code="c">Materia Complementario (B02-5) / </subfield>
    <subfield code="d">(19 002586)</subfield>
  </datafield>
  <datafield tag="519" ind1=" " ind2=" ">
    <subfield code="a">Material Complementario / </subfield>
    <subfield code="d">(18 004136)</subfield>
  </datafield>
  <datafield tag="519" ind1=" " ind2=" ">
    <subfield code="a">Material Complementario / </subfield>
    <subfield code="d">(01 014288)</subfield>
  </datafield>
  <datafield tag="650" ind1="1" ind2="4">
    <subfield code="a">PENAS (DERECHO)</subfield>
    <subfield code="x">HISTORIA</subfield>
  </datafield>
  <datafield tag="942" ind1=" " ind2=" ">
    <subfield code="c">LB</subfield>
  </datafield>
</record>
